000 01011nam a2200301 i 4500
003 EG-GICUC
005 20260428091924.0
008 260428s1938 ua ||||fr|||| 000 0 fre d
040 _aEG-GiCUC
_bfre
_cEG-GiCUC
_dEG-GiCUC
_eRda
041 0 _afre
082 0 4 _221
_a343.3
_bRI . P
092 0 4 _221
099 _aLaw1 10 343.3 RI . P 1938
100 0 _aRizkallah Mezher
_eAuteur
245 0 0 _aPrecis Pratique Des Pouvoirs Du Juge Des Referes /
_cPar Rizkallah Mezher; Préface DeMonsieur Eugène Vroonen
264 1 _aAlexandrie :
_bibrairie Judiciaire AU Bon Livre,
_c1938.
300 _a104 page ,
_c 24 cm.
336 _2rda contenu
_a texte
337 _2rda medias
_aOrdinateur
338 _2 transporteur rda
_a Ressource en ligne
490 _aDroit Égyptien Mixte
546 _aTexte en français
650 1 4 _aDroit pénal
700 1 _aVroonen, Monsieur Eugène
_ePréfacier
856 4 0 _uhttps://fll.law.cu.edu.eg/fulltext/bks/B10-11967.pdf
905 _a48
942 _2ddc
_cBK
_e21
_n0
999 _c73771
_d73771